Transition to a market economy: The case of Czechoslovakia.

Otázka existencie teórie prechodu od riadenej na trhovú ekonomiku. Základné aspekty čs. ekonomickej reformy. Vysoký stupeň simultánnosti pri zavádzaní obsiahlych reformných opatrení. Ekonomické zázemie Česko-Slovenska po 2. svetovej vojne. Vývoj hlavných ekonomických ukazovateľov 1987-1990. Súčasné...

Ausführliche Beschreibung

Gespeichert in:
Bibliographische Detailangaben
1. Verfasser: Charap, J.
Weitere Verfasser: Dyba, K.
Format: Buchkapitel
Sprache:Englisch
Schlagworte:
Tags: Tag hinzufügen
Keine Tags, Fügen Sie das erste Tag hinzu!

MARC

LEADER 00000naa a2200000 4500
001 r004593
005 20221130103157.2
041 0 |a eng 
044 |a NL 
245 1 0 |a Transition to a market economy: The case of Czechoslovakia.  |c J. Charap, K. Dyba 
520 |a Otázka existencie teórie prechodu od riadenej na trhovú ekonomiku. Základné aspekty čs. ekonomickej reformy. Vysoký stupeň simultánnosti pri zavádzaní obsiahlych reformných opatrení. Ekonomické zázemie Česko-Slovenska po 2. svetovej vojne. Vývoj hlavných ekonomických ukazovateľov 1987-1990. Súčasné trendy stratégie ekonomickej reformy. Zákon o reštitúciach. Privatizácia. 
610 2 0 |a reformy hospodárske 
610 2 0 |a hospodárstvo trhové 
610 2 0 |a ČSFR 
610 2 0 |a ukazovatele ekonomické 
610 2 0 |a 1987-1990 
610 2 0 |a privatizácia 
100 1 |a Charap, J. 
700 1 |a Dyba, K.